Regulace produkce mléka v tržních podmínkách hospodaření.

Súčasný stav chovu hovädzieho dobytka a produkcie mlieka v ČSFR a dôvody jeho znižovania. Regulácia produkcie mlieka v zahraničí. Možnosti regulácie výroby mlieka v ČSFR. Prednosti a nedostatky regulácie kontingentizáciou výroby mlieka (stabilita odbytu, ale i potláčanie konkurencie). Nadväznosť na...

Ausführliche Beschreibung

Gespeichert in:
Bibliographische Detailangaben
1. Verfasser: Kvapilík, J.
Format: Buchkapitel
Sprache:Tschechisch
Schlagworte:
Tags: Tag hinzufügen
Keine Tags, Fügen Sie das erste Tag hinzu!

MARC

LEADER 00000naa a2200000 4500
001 r008693
005 20220831091136.4
041 0 |a cze 
044 |a [CS] 
245 1 0 |a Regulace produkce mléka v tržních podmínkách hospodaření.  |c J. Kvapilík 
520 |a Súčasný stav chovu hovädzieho dobytka a produkcie mlieka v ČSFR a dôvody jeho znižovania. Regulácia produkcie mlieka v zahraničí. Možnosti regulácie výroby mlieka v ČSFR. Prednosti a nedostatky regulácie kontingentizáciou výroby mlieka (stabilita odbytu, ale i potláčanie konkurencie). Nadväznosť na regulačný systém v krajinách ES. 
610 2 0 |a výroba živočíšna 
610 2 0 |a mlieko 
610 2 0 |a ČSFR 
610 2 0 |a regulácia výroby 
610 2 0 |a hospodárstvo trhové 
100 1 |a Kvapilík, J.